000 00395nam a2200145Ia 4500
008 230917s9999||||xx |||||||||||||| ||und||
040 _e34973
_aMAIN
041 _aEnglish
082 _a341.22 B469L
100 _aBhuinya, Niranjan
245 4 _aThe league of nations: failure of an experiment in internationalism
260 _aCalcutta
_bK.P.Bagichi
_c1980
300 _a146 p.
942 _cBK
999 _c210837
_d210837